Návrh metropolitnej siete pre obytnú zónu

Enregistré dans:
Détails bibliographiques
Auteur principal: Varačka, Rastislav (Auteur)
Autres auteurs: Miksa, František (Directeur de thèse)
Format: Manuscrit Livre
Langue:slovaque
Publié: 2016
Sujets:
Accès en ligne:http://is.stuba.sk/zp/portal_zp.pl?podrobnosti=118373
Tags: Ajouter un tag
Pas de tags, Soyez le premier à ajouter un tag!

MARC

LEADER 00000ntm a22000003a 4500
001 stuzp55395
003 SK-STU
005 20160719154741.7
007 ta
008 150427s2015----xo-----f-mn---000-0-slo-d
040 |a STU  |b slo 
041 0 |a slo 
100 1 |a Varačka, Rastislav  |u 066000  |k Z4  |4 aut  |U MTF Materiálovotechnologická fakulta  |T MTF Ústav aplikovanej informatiky, automatizácie a mechatroniky  |X 45725  |U M6000  |Y 86  |7 A000045725 
242 0 1 |a Proposal metropolitan network for residential area  |y eng 
245 1 0 |a Návrh metropolitnej siete pre obytnú zónu 
260 |c 2016 
650 4 |a optika  |2 slo 
650 4 |a technický výkres  |2 slo 
650 4 |a technická dokumentácia  |2 slo 
650 4 |a Metropolitná dátová sieť  |2 slo 
650 4 |a metropolitan data network  |2 eng 
650 4 |a optics  |2 eng 
650 4 |a technical drawings  |2 eng 
650 4 |a technical documentation  |2 eng 
700 1 |a Miksa, František  |u 066000  |k Z1  |4 ths  |U MTF Materiálovotechnologická fakulta  |T MTF Ústav aplikovanej informatiky, automatizácie a mechatroniky  |X 2760  |U M6000  |Y 86  |7 A000002760 
856 4 |u http://is.stuba.sk/zp/portal_zp.pl?podrobnosti=118373 
996 |c M* DP-12999  |l MMKN  |s A  |a 24  |w stuzp55395_0001 
SQL |a stuzp55395  |b DDP  |c SLO  |d Návrh metropolitnej siete pre obytnú zónu  |e 45725  |f Varačka, Rastislav  |g 066000  |h 2760  |i Miksa, František  |j 20160531  |k 965  |l 06  |m http://is.stuba.sk/zp/portal_zp.pl?podrobnosti=118373  |n I-AIPP  |o 5.2.14. automatizácia